000 00713nam a22002177a 4500
999 _c64195
_d64195
005 20240530110719.0
008 180319s2016 ua g 000 f ara d
017 _a2015/23056
_bمصر. دار الكتب
020 _a9789772937301
040 _aEG-CaGPL
_cEG-CaGPL
082 0 4 _221
_a813.03/
_bهـ ت
100 0 _aهشام الخشن
245 1 0 _aتلال الاكاسيا :
_bرواية /
_c هشام الخشن .
250 _aط.4
260 _aالقاهرة :
_bالدار المصرية اللبنانية ،
_c2016 .
300 _a191 ص. ؛
_c19 سم.
650 0 7 _2qrmak
_aالقصص العربية
651 _2qrmak
942 _2ddc
_cBK